US-Bundesstaaten mit der höchsten Bevölkerungsdichte - Statistiken

Allgemein
  • Dieses Quiz wurde 247 mal gespielt
  • Das Durchschnittsergebnis liegt bei 11 aus 15
Antwortstatistiken
Einw. pro km² Bundesstaat % Korrekt
165,5 New York
96%
155 Florida
92%
98 Kalifornien
91%
487,7 New Jersey
76%
409,8 Rhode Island
76%
196,2 Delaware
74%
111,5 Ohio
70%
347,9 Massachusetts
69%
89,1 Illinois
68%
279,5 Maryland
68%
287,5 Connecticut
67%
112,2 Pennsylvania
67%
84,4 Virginia
67%
82,9 North Carolina
54%
87,5 Hawaii
47%
Keine übereinstimmenden Quizze gefunden
Verteilung der Resultate
Anzahl Personen mit jedem Resultat
Perzentil nach korrekt beantworteten Fragen
Ihre Resultats-Entwicklung
Sie haben dieses Quiz noch nicht gespielt